000 00482nam a2200181Ia 4500
008 240925s9999 xx 000 0 und d
020 _a8176563595
082 _a005.133 MUK
100 _aMukhi, Vijay
245 0 _aJava Servlets JSP
250 _aNA
260 _aNew Delhi:
_bBPB Publication
_c,2001.
300 _axxvi,624p.
_bNA
_fPhotocopy
500 _aIncludes Index
600 _aComputer Science
650 _aComputer science, information & general works
942 _cBK
999 _c7135
_d7135